Studená sprcha z Bruselu
Pojmy Národný rozvojový plán. Štrukturálne fondy EÚ. Nedostatky inštitucionálnej prípravy SR na čerpanie eurofondov.
Saved in:
| Main Author: | |
|---|---|
| Format: | Book Chapter |
| Language: | Slovak |
| Subjects: | |
| Tags: |
No Tags, Be the first to tag this record!
|
MARC
| LEADER | 00000naa a2200000 4500 | ||
|---|---|---|---|
| 001 | r049293 | ||
| 005 | 20230920090637.6 | ||
| 041 | 0 | |a slo | |
| 044 | |a SK | ||
| 245 | 1 | 0 | |a Studená sprcha z Bruselu |c Alexander Sotník |
| 520 | |a Pojmy Národný rozvojový plán. Štrukturálne fondy EÚ. Nedostatky inštitucionálnej prípravy SR na čerpanie eurofondov. | ||
| 610 | 2 | 0 | |a spolupráca hospodárska medzinárodná |
| 610 | 2 | 0 | |a Európska únia |
| 610 | 2 | 0 | |a Slovensko |
| 610 | 2 | 0 | |a fondy štruktúrne |
| 610 | 2 | 0 | |a programy rozvojové |
| 100 | 1 | |a Sotník, Alexander | |